La jurisprudencia electoral frente a las amenaza antidemocráticas/
Este libro aborda los aportes realizados por el Tribunal Supremos en Jurisprudencia electoral durante el período 2015-2020, que se construyeron en un sólido blindaje democrático frete a amenazas para el desarrollo de la contienda electoral y dificultades para el pleno y libre ejercicio de derechos...
Guardat en:
| Autor principal: | |
|---|---|
| Format: | Llibre |
| Idioma: | Spanish |
| Publicat: |
San José, Costa Rica
Tribunal Supremo de Elecciones; Instituto de Formación y Estudios en Democracia (IFED-TSE)
2021
|
| Matèries: | |
| Etiquetes: |
Afegir etiqueta
Sense etiquetes, Sigues el primer a etiquetar aquest registre!
|
MARC
| LEADER | 00000nam a22000007a 4500 | ||
|---|---|---|---|
| 003 | cru CIDCACS/ IIS | ||
| 005 | 20231113105111.0 | ||
| 008 | 220712b2021 CR ||||| |||| 00| 0 spa d | ||
| 040 | |c cru CIDCACS/ IIS |a cru CIDCACS/ IIS | ||
| 090 | |a 04.04.02 E77j | ||
| 100 | 1 | |9 5676 |a Esquivel Faerron, Max Alberto | |
| 245 | 1 | 3 | |a La jurisprudencia electoral frente a las amenaza antidemocráticas/ |c Max Alberto Esquivel Faerron |
| 260 | |a San José, Costa Rica |b Tribunal Supremo de Elecciones; Instituto de Formación y Estudios en Democracia (IFED-TSE) |c 2021 | ||
| 300 | |a 255 páginas | ||
| 520 | 3 | |a Este libro aborda los aportes realizados por el Tribunal Supremos en Jurisprudencia electoral durante el período 2015-2020, que se construyeron en un sólido blindaje democrático frete a amenazas para el desarrollo de la contienda electoral y dificultades para el pleno y libre ejercicio de derechos políticos de la ciudadanía | |
| 650 | 0 | 0 | |0 TESAUROS |2 OCDE |9 8588 |a JURISPRUDENCIA |
| 650 | 0 | 0 | |9 2174 |a SISTEMAS ELECTORALES |
| 650 | 0 | 0 | |9 2679 |a PARTICIPACION DEMOCRATICA |
| 650 | 0 | 0 | |9 306 |a ELECCIONES |
| 650 | 0 | 0 | |9 5240 |a TRIBUNAL SUPREMO DE ELECCIONES (COSTA RICA) |
| 651 | 0 | |9 32 |a COSTA RICA | |
| 942 | |2 z |c PP |h 04.04.02 E77j |i 23621 |6 040402_E77J_23621 | ||
| 999 | |c 44382 |d 44382 | ||
